| 000 | 00408nam a22001697a 4500 | ||
|---|---|---|---|
| 003 | NUST - PNEC | ||
| 005 | 20170116180915.0 | ||
| 008 | 150903b xxu||||| |||| 00| 0 eng d | ||
| 020 | _a- | ||
| 040 | _cLIBRARY | ||
| 082 | _a620.112 HAR | ||
| 100 |
_97398 _aHartog, J. P. Den |
||
| 245 |
_aStrength of materials _cJ. P. Den Hartog |
||
| 260 | _cc.1949 | ||
| 650 |
_97401 _aMaterials _xME |
||
| 942 |
_2ddc _cBK |
||
| 999 |
_c65434 _d65434 |
||